Fundamentals of approximation theory

Main Author: Mhaskar Hrushikesh
Other Authors: Pai, D. V.
Published: Pangbourne, UK: Alpha Science International Ltd., 2000.
Subjects:
LEADER 00603cam a2200169 7i4500
001 0000022632
005 20020925090000.0
020 # 0 |a 1842650165 (hardback)  
090 0 0 |a QA 221   |b M617 
100 1 # |a Mhaskar Hrushikesh  
245 1 0 |a Fundamentals of approximation theory   |c Hrushikesh N. Mhaskar, Devidas V. Pai. 
260 # # |a Pangbourne, UK:   |b Alpha Science International Ltd.,   |c 2000. 
300 # # |a xv, 541 p.:   |b ill.;   |c 25 cm.. 
504 0 0 |a Includes bibliographical references (p. 515-534) and index 
650 0 0 |a Approximation theory  
700 1 1 |a Pai, D. V.  
999 |a 1100008802  |b Book  |c Open Shelf  |e KOLEKSI TERBUKA